000 01025nmm a2200301 a 4500
001 ocm0002016488
003 TR-IsHL
005 20201028180718.0
008 181219s2017 tu tur
007 cr cn
020 _a9786053840744
035 _a2016488
_b(N$T)
050 0 4 _aPT2653.W42
_bS3519 2017
090 0 4 _aPT2653.W42
_bS3519 2017
100 1 _aZweig, Stefan
245 1 0 _aStefan Zweig seçme eserler
_h[electronic resource] /
_cStefan Zweig ; çeviri editörü Kübra Şendoğan ; çeviri Pınar Erakalın ; editör Begüm Konya
260 _aİstanbul :
_bYakamoz Kitap,
_c2017
300 _a543 p.
650 4 _aDil ve Edebiyat
650 4 _aLanguage and Literature
650 0 _aAlman romanı
650 0 _aGerman fiction
650 7 _aLITERARY COLLECTIONS / European / German
_2bisacsh
700 1 _aŞendoğan, Kübra
700 1 _aErakalın, Pınar
700 1 _aKonya, Begüm
856 4 0 _uhttp://search.ebscohost.com/login.aspx?direct=true&scope=site&db=e011xww&AN=2016488
999 _c19268
_d19268